| 000 | 00535nam a22001937a 4500 | ||
|---|---|---|---|
| 999 |
_c12897 _d12897 |
||
| 003 | MIRAKIL | ||
| 005 | 20190311163735.0 | ||
| 008 | 190311b tu ||||| |||| 00| 0 tur d | ||
| 020 | _a9789755096377 | ||
| 040 |
_aTR-AnCHP _cTR-AnCHP |
||
| 041 | _atur | ||
| 082 |
_a819.1 _bA44y 2010 |
||
| 100 | _aAlkan, Erdoğan | ||
| 245 | 1 | 0 |
_aYunus'tan Luther'e çağrı / _cErdoğan Alkan. |
| 260 |
_aAnkara : _bArkadaş yayınevi, _c2010. |
||
| 300 |
_a158 s.: _c21 sm. |
||
| 650 | 0 |
_919 _aTürk edebiyatı _xtasavvuf romanı |
|
| 942 |
_2ddc _cBKS |
||